Toutes les Régions Françaises depuis 2016 - Statistiques

Statistiques générales
  • Ce quiz a été pris 40 fois
  • Le résultat moyen est 10 sur 13
Statistiques - réponses
Population Région % Correct
8 114 361 Auvergne Rhône Alpes
90%
12 317 279 Ile de France
90%
5 127 840 Provence Alpes Côte d'Azur
90%
3 394 567 Bretagne
87%
5 561 287 Grand-Est
87%
3 327 960 Normandie
81%
2 573 303 Centre Val de Loire
77%
6 069 352 Nouvelle Aquitaine
77%
6 022 176 Occitanie
77%
2 800 194 Bourgogne Franche Comté
74%
347 597 Corse
74%
3 853 999 Pays de la Loire
61%
5 995 292 Haut de France
55%
Aucun quiz correspondant
Distribution des résultats
% des personnes avec chaque résultat
Percentile par nombre de réponses
Votre historique - résultats
Vous n’avez pas pris ce quiz